000 00911nam a2200241Ia 4500
003 GCL
008 140319s9999 xx 000 0 ara d
040 _aGCL /
_cGCL
082 0 4 _a191
_bم م
100 1 _aابراهيم مدكور
245 1 0 _aمحاضرات فى تاريخ الاصطلاحات الفلسفية العربية :
_b(من 25 نوفمبر 1912 الى 24 ابريل 1913) /
_cابراهيم مدكور
700 1 _aزينب محمود الخضيرى
700 1 _aماسينيون، لويس
260 _aالقاهرة :
_bالمعهد العلمى الفرنسى للاثار الشرقية ،
_c1983
300 _a252 ص ؛
_c26 سم
650 0 4 _aالفلسفة الاسلامية
650 0 4 _aالفلسفة
650 0 4 _aالفلسفة العربية
650 0 4 _aالفلسفة الحديثة
650 0 4 _aالمعرفة
650 0 4 _aالمنطق
942 _2ddc
_cBK
999 _c43476
_d43476